000 00660nam a22002057a 4500
003 OSt
005 20250909021436.0
008 250909b |||||||| |||| 00| 0 eng d
020 _a978-621-416-108-9
040 _aDWCL-Admin lib
_cOC
082 _22021 edition
_aFil. 657.044 V174i 2021
100 _aValix, Conrado T.
245 _aIntermediate Accounting vol. 2
_cConrado T. Valix
260 _aManila, Philippines :
_bGIC Enterprises & Co. Inc.,
_cc2021.
300 _avol 2, 917 pages :
_cillustrations ; 22cm.
650 _aAccounting
700 _aValix, Christain Aris M.
700 _aPeralta, Jose F.
942 _2ddc
_cBK - FIL
_e2021 edition
_kFil.
_n0
999 _c4469
_d4469